Score 0/71 Timer 12:00
4 Plays Today
% Correct
Cinderella
97.6%
Snow White
96.2%
Ariel
95.8%
Pocahontas
95.1%
Belle
94.5%
Jasmine
94%
Rapunzel
93.1%
Mulan
90.5%
Aurora
87.5%
Moana
82.2%
Victoria
75.8%
Polyhymnia
75.2%
Charlotte
75.2%
Melpomene
75.1%
Carrie
74.5%
Terpsichore
74.3%
Calliope
73.9%
Euterpe
71.2%
Emily
70%
Samantha
69.6%
Zsa Zsa
68.8%
Jessica
67.3%
Geri
67%
Marcia
66.4%
Miranda
65%
Ruth
65%
Urania
64.7%
Monica
64.5%
Sasha
63.3%
Malia
63.1%
Melanie
62.9%
Erato
62.8%
Rita
61.4%
Tiana
61.2%
Cindy
60.8%
Jan
60.6%
% Correct
Jo
60.4%
Erica
60.3%
Esther
60.1%
Melanie
60%
Charlotte
59%
Beth
59%
Sandra
57.7%
Emma
56.8%
Angela
55.5%
Tina
54.4%
Clio
53.4%
Eva
52.4%
Meg
51.1%
Anne
50.4%
Amy
50.2%
Merida
48.8%
Thalia
48.2%
Kelly
47.6%
Mary
47.1%
Jill
44.9%
Prudence
43.3%
Pamela
41.8%
Sabrina
39.6%
Kris
35.9%
Sadie
34.3%
Julie
34%
Cécile
33.9%
Annette
32.1%
Tiffany
30.3%
Julia
30.2%
Marie
29.7%
Magda
28.9%
Martha
28.3%
Yvonne
28.1%
Émilie
27.5%
Remove Ads.
Support Sporcle.
Get the best of Sporcle when you Go Orange. This ad-free experience offers more features, more stats, and more fun while also helping to support Sporcle. Thank you for becoming a member.

You're not logged in!

Compare scores with friends on all Sporcle quizzes.
OR
Log In

Show Comments

Extras

Top Quizzes Today


Score Distribution

Your Account Isn't Verified!

In order to create a playlist on Sporcle, you need to verify the email address you used during registration. Go to your Sporcle Settings to finish the process.

Report this User

Report this user for behavior that violates our Community Guidelines.

Details: